| LEADER 00000nam 2200000uu 4500 |
| 008 130426s2555||||th 000 0 tha d |
| 020 ^a9786169134886
|
| 041 0 ^atha
|
| 060 4 ^aวจ WA546 จ496ร 2555
|
| 100 0 ^aจิรพันธุ์ วิบูลย์วงศ์...[และคนอื่นๆ].
|
| 245 00 ^aรายงานผลการวิจัยเรื่อง การพัฒนาขีดความสามารถ อสม.นครบาล:การประสานราษฎร์ เชื่อมรัฐ ขจัดภัยสุขภาพ./^bจิรพันธุ์ วิบูลย์วงศ์...[และคนอื่นๆ].
|
| 260 ^aนนทบุรี : ^bกองสนับสนุนบริการสุขภาพ กรมสนับสนุนบริการสุขภาพ,^c2555
|
| 300 ^a352 หน้า :^bภาพประกอบ
|
| 650 0 ^aสาธารณสุข
|
| 650 0 ^aผู้นำชุมชน
|
| 650 0 ^aอาสาสมัครสาธารณสุข ^xวิจัย
|
| 700 0 ^aจิรพันธุ์ วิบูลย์วงศ์
|
| 700 0 ^aวิรุณศิริ อารยวงศ์
|
| 999 ^aใช้งานได้ทุกระบบ
|